[Event "DEM U18w 2023"]
[Site "Willingen GER"]
[Date "2023.06.02"]
[Round "8"]
[White "Avetyan, Manan"]
[Black "Evering, Enna"]
[Result "0-1"]
[Termination "normal"]
[Board "12"]
[WhiteElo "1368"]
[BlackElo "1548"]
[WhiteClock "00:11:48"]
[BlackClock "00:21:35"]
[PlyCount "90"]
[WhiteFideId "16244737"]
[BlackFideId "16218213"]
[EventCountry "GER"]
[EventRounds "9"]
[EventType "swiss"]
[EventDate "2023.05.27"]

1. e4 {[%clk 01:30:58]} {[%emt 00:00:01]} e5 {[%clk 01:30:53]} {[%emt
00:00:07]} 2. Nf3 {[%clk 01:31:22]} {[%emt 00:00:06]} Nc6 {[%clk 01:31:16]}
{[%emt 00:00:07]} 3. d4 {[%clk 01:31:45]} {[%emt 00:00:07]} exd4 {[%clk
01:31:41]} {[%emt 00:00:06]} 4. Nxd4 {[%clk 01:32:13]} {[%emt 00:00:02]} Qf6
{[%clk 01:32:01]} {[%emt 00:00:10]} 5. Nxc6 {[%clk 01:31:19]} {[%emt 00:01:23]}
Bc5 {[%clk 01:31:09]} {[%emt 00:01:23]} 6. Qe2 {[%clk 01:27:49]} {[%emt
00:03:59]} dxc6 {[%clk 01:28:24]} {[%emt 00:03:15]} 7. Nc3 {[%clk 01:25:38]}
{[%emt 00:02:41]} Ne7 {[%clk 01:19:05]} {[%emt 00:09:49]} 8. a3 {[%clk
01:07:55]} {[%emt 00:18:14]} Be6 {[%clk 01:08:45]} {[%emt 00:10:50]} 9. Be3
{[%clk 01:04:58]} {[%emt 00:03:27]} Bxe3 {[%clk 01:05:16]} {[%emt 00:03:59]}
10. Qxe3 {[%clk 01:05:19]} {[%emt 00:00:09]} O-O {[%clk 01:03:31]} {[%emt
00:02:15]} 11. O-O-O {[%clk 01:04:16]} {[%emt 00:01:33]} b5 {[%clk 00:55:18]}
{[%emt 00:08:43]} 12. Bd3 {[%clk 00:56:20]} {[%emt 00:08:25]} Ng6 {[%clk
00:48:40]} {[%emt 00:07:08]} 13. g3 {[%clk 00:52:08]} {[%emt 00:04:42]} a5
{[%clk 00:39:18]} {[%emt 00:09:53]} 14. f4 {[%clk 00:36:56]} {[%emt 00:17:40]}
b4 {[%clk 00:36:53]} {[%emt 00:00:57]} 15. Nb1 {[%clk 00:32:22]} {[%emt
00:05:04]} bxa3 {[%clk 00:28:19]} {[%emt 00:09:04]} 16. Nxa3 {[%clk 00:31:56]}
{[%emt 00:00:56]} Bg4 {[%clk 00:22:15]} {[%emt 00:06:34]} 17. e5 {[%clk
00:26:39]} {[%emt 00:05:47]} Qe7 {[%clk 00:21:24]} {[%emt 00:01:21]} 18. Rdf1
{[%clk 00:25:19]} {[%emt 00:01:49]} Bd7 {[%clk 00:17:57]} {[%emt 00:03:58]} 19.
Re1 {[%clk 00:13:42]} {[%emt 00:12:07]} Rfe8 {[%clk 00:17:17]} {[%emt
00:01:09]} 20. Rhg1 {[%clk 00:05:18]} {[%emt 00:08:55]} f5 {[%clk 00:13:58]}
{[%emt 00:03:49]} 21. h3 {[%clk 00:05:29]} {[%emt 00:00:19]} Be6 {[%clk
00:10:56]} {[%emt 00:03:32]} 22. g4 {[%clk 00:05:24]} {[%emt 00:00:35]} Qd7
{[%clk 00:08:36]} {[%emt 00:02:49]} 23. gxf5 {[%clk 00:03:44]} {[%emt
00:02:11]} Bxf5 {[%clk 00:08:54]} {[%emt 00:00:12]} 24. Bxf5 {[%clk 00:04:10]}
{[%emt 00:00:04]} Qxf5 {[%clk 00:09:20]} {[%emt 00:00:03]} 25. Rg5 {[%clk
00:04:30]} {[%emt 00:00:11]} Qxf4 {[%clk 00:09:01]} {[%emt 00:00:50]} 26. e6
{[%clk 00:03:22]} {[%emt 00:01:37]} Rxe6 {[%clk 00:08:26]} {[%emt 00:01:04]}
27. Qxf4 {[%clk 00:02:41]} {[%emt 00:01:12]} Rxe1+ {[%clk 00:08:36]} {[%emt
00:00:20]} 28. Kd2 {[%clk 00:03:06]} {[%emt 00:00:04]} Nxf4 {[%clk 00:08:47]}
{[%emt 00:00:20]} 29. Kxe1 {[%clk 00:03:30]} {[%emt 00:00:06]} Nxh3 {[%clk
00:08:28]} {[%emt 00:00:49]} 30. Rc5 {[%clk 00:03:37]} {[%emt 00:00:22]} Re8+
{[%clk 00:07:42]} {[%emt 00:01:16]} 31. Kd2 {[%clk 00:03:47]} {[%emt 00:00:20]}
Re6 {[%clk 00:07:08]} {[%emt 00:01:04]} 32. Rxa5 {[%clk 00:04:05]} {[%emt
00:00:13]} Nf4 {[%clk 00:06:40]} {[%emt 00:00:57]} 33. Nc4 {[%clk 00:03:18]}
{[%emt 00:01:18]} Nd5 {[%clk 00:06:16]} {[%emt 00:00:54]} 34. c3 {[%clk
00:02:31]} {[%emt 00:01:16]} Kf7 {[%clk 00:05:21]} {[%emt 00:01:26]} 35. Rc5
{[%clk 00:01:32]} {[%emt 00:01:29]} Kf6 {[%clk 00:04:43]} {[%emt 00:01:07]} 36.
Na5 {[%clk 00:01:40]} {[%emt 00:00:22]} Ne7 {[%clk 00:04:20]} {[%emt 00:00:53]}
37. Kd3 {[%clk 00:01:04]} {[%emt 00:01:07]} Re5 {[%clk 00:04:08]} {[%emt
00:00:42]} 38. Kd4 {[%clk 00:00:38]} {[%emt 00:00:56]} Rxc5 {[%clk 00:04:07]}
{[%emt 00:00:31]} 39. Kxc5 {[%clk 00:01:03]} {[%emt 00:00:04]} h5 {[%clk
00:04:16]} {[%emt 00:00:21]} 40. Nc4 {[%clk 00:00:35]} {[%emt 00:00:58]} h4
{[%clk 00:03:22]} {[%emt 00:01:24]} 41. Ne3 {[%clk 00:28:15]} {[%emt 00:02:51]}
Ke5 {[%clk 00:27:55]} {[%emt 00:05:57]} 42. Nf1 {[%clk 00:15:58]} {[%emt
00:12:46]} h3 {[%clk 00:24:27]} {[%emt 00:03:58]} 43. Nh2 {[%clk 00:15:08]}
{[%emt 00:01:20]} g5 {[%clk 00:23:10]} {[%emt 00:01:47]} 44. b4 {[%clk
00:12:24]} {[%emt 00:03:15]} Kf4 {[%clk 00:22:22]} {[%emt 00:01:18]} 45. Kd4
{[%clk 00:11:48]} {[%emt 00:01:05]} g4 {[%clk 00:21:35]} {[%emt 00:01:17]} 0-1